000 00867nmm a2200325 a 4500
003 AR-BaBNM
005 20251128211318.0
008 293120s2003 ||||||||||||||000 | spa||
020 _a950-9255-89-0
040 _cAR-BaBNM
100 1 _aHosne, Roberto
245 1 0 _aPatagonia
_bhistory, myths and legends
250 _arev. ed.
260 _aBuenos Aires
_bKel
_c2003
300 0 _a228 p.
_bláms., mapas
650 4 _aDESCUBRIMIENTOS GEOGRAFICOS
650 4 _aGEOGRAFIA HISTORICA
650 4 _aEXPEDICIONES GEOGRAFICAS
650 4 _aGEOGRAFIA POLITICA
650 4 _aEXPLORACION GEOGRAFICA
650 4 _aINVESTIGACION HISTORICA
650 4 _aINMIGRACION EN ARGENTINA
651 4 _aPatagonia
651 4 _aArgentina
653 _aNARRATIVA
655 _aLITERATURA
700 1 _aDuggan, Carol
_etraductor
942 _cBK
998 _cMariana
999 _c19104
_d19104